Les Maisons des Illustres (1) - Statistiques

Statistiques générales
  • Ce quiz a été pris 28 fois
  • Le résultat moyen est 12 sur 20
Statistiques - réponses
Département Ville Indice Réponse % Correct
75 Paris Père de Jean Valjean Victor {Hugo}
96%
52 Colombey-les-deux-églises Général et président Charles {de Gaulle}
92%
78 Médan Rougon et Macquart Emile {Zola}
92%
64 Cambo-les-Bains C'est un pic, c'est un cap... Edmond {Rostand}
79%
78 Montfort-l'Amaury Boléro Maurice {Ravel}
79%
50 Granville Célèbre couturier Christian {Dior}
75%
06 Cagnes-sur-Mer Peintre impressionniste Auguste {Renoir}
63%
76 Canteleu Emma Gustave {Flaubert}
63%
59 Saint-Jans-Cappel Académicienne Marguerite {Yourcenar}
63%
01 Ferney-*** Arouet {Voltaire}
63%
78 Saint-Rémy-les-Chevreuse Humoriste des mots Raymond {Devos}
58%
71 Saint-Point Le Lac Alphonse de {Lamartine}
54%
59 Lille Lanceur d'appel Charles {de Gaulle}
54%
35 Combourg Mémoires François-René de {Chateaubriand}
54%
2A Ajaccio Papa Noël Constantin dit {Tino} {Rossi}
42%
65 Tarbes Maréchal de France Ferdinand {Foch}
42%
86 Loudun Gazettier Théophraste {Renaudot}
38%
973 Cayenne Gouverneur du Tchad Félix {Eboué}
33%
43 Chavaniac-*** Deux mondes Gilbert du Motier, marquis de {La Fayette}
17%
89 Vézelay Ecrivain / Chevaux du soleil Jules {Roy}
4%
Aucun quiz correspondant
Distribution des résultats
% des personnes avec chaque résultat
Percentile par nombre de réponses
Votre historique - résultats
Vous n’avez pas pris ce quiz